X-Men Trivia - Statistics

General Stats
  • This quiz has been taken 316 times
    310 since last reset
  • The average score is 16 of 32
Answer Stats
Hint Answer % Correct
In the X-men movies, who plays Storm? Halle Berry
87%
What is the name of the indestructible metal that is grafted to Logan's skeleton? (Xmen Origins) Adamantium
86%
In X-men2 who is the story line based around? Wolverine
86%
One of the most powerful mutants spent time in a concentration camp. Which one? Magneto
82%
In X Men First Class, which character can turn himself\herself into diamonds? Emma Frost
79%
Rogue meets one of the other X-Men in a Canadian fight club. The reigning King of the Cage is...? Wolverine
72%
One of the students at the Xavier Institute shows off for Rogue. Who is it? Iceman
69%
In Xmen First Class, who plays Raven Darkholme\Mystique? Jennifer Lawrence
66%
Other than Rogue, who is the first member of the X-Men Wolverine encounters after he awakens? Jean Grey
65%
The first mutant Rogue uses her powers upon is: Wolverine
62%
Where do we first see young Erik? (Where is the concentration camp located) Auschwitz, Germany
61%
When Xavier wants to find Rogue, what does he use to do so? Cerebro
61%
At the end of Xmen Origins, who is the person who's head is sliced off by Wolverine? Deadpool
61%
In 'X-Men The Last Stand',what is the source of the cure? Leech
61%
Senator Kelly is kidnapped by a mutant. Who pulls off this caper? Mystique
61%
Which politician is out to get the X-Men? Senator Robert Kelly
61%
who played jean grey-phoenix in x-men? famke janssen
55%
In Xmen Origins, what is Gambit's real name? Remy LeBeau
55%
What does Professor Xavier say has allowed mankind to develop from a single-celled organism into the dominant species on the planet? Mutation
47%
Magneto plans to use something or someone as an amplifier for his Doomsday Device. Who or what is it? Rogue
42%
A mutant wakes up naked on a beach. Who is it? Senator Kelly
41%
After Wolverine, who are the first two other X-Men Rogue encounters? Cyclops and Storm
40%
What is Magneto doing at the end of 'The Last Stand'? Chess
37%
What is Logan's girlfriend's name? (Xmen Origins) Kayla Silverfox
35%
What University did Charles study genetics? Oxford
32%
During the course of the first movie, someone dies. Who is it? Senator Kelly
30%
What does Magneto give to the senator? (This is an abstract thing) Mutation
28%
The big action sequence in the middle of the film when Storm and Cyclops go to find Rogue takes place where? (In the First Movie) Train station
22%
Wolverine impales a mutant midway through the film. Who is it? Rogue
19%
When Charles first tries Cerebro, what mutant does Charles first see? (Xmen First Class Storm
17%
What does Logan's mother say after he kills Thomas Logan? (Xmen Origins) What are you?
12%
In Xmen Origins, what does Striker say that causes Logan to angrily burst out of the tank? 'Erase his memory.'
9%
No matching quizzes found
Score Distribution
Percent of People with Each Score
Percentile by Number Answered
Your Score History
You have not taken this quiz since the last reset